| 000 | 00843nam a2200253Ia 4500 | ||
|---|---|---|---|
| 003 | OSt | ||
| 005 | 20220926004531.0 | ||
| 006 | a|||||r|||| 00| 0 | ||
| 007 | ta | ||
| 008 | 220923b |||||||| |||| 00| 0 eng d | ||
| 020 |
_a9788189233594 _c340 |
||
| 037 |
_bRKBA\09-10\4344, 16/05/2011, RAJKIRAN BOOK AGENCY _cGeneral Book |
||
| 040 |
_aRTL _cRTL _beng |
||
| 041 |
_2eng _aeng |
||
| 082 | _aV275.P, P7 | ||
| 100 | _aJAI Janak Raj | ||
| 245 | 0 |
_aSEZs _b Massacre of human rights with special reference to Singur and Nandigram |
|
| 260 |
_a New Delhi _bRegency Publications _c2007 |
||
| 300 |
_aiii, 153p _ccm. |
||
| 650 | _aSociology | ||
| 700 |
_a JAI Rajiv _9308830 |
||
| 942 |
_hV275.P, P7 _cGB _2CC |
||
| 999 |
_c611516 _d611516 |
||